[Event "22nd Wasselonne Open 2018"]
[Site "Wasselonne"]
[Date "2018.08.02"]
[Round "1"]
[White "Bellahcene, Bilel"]
[Black "Carrillo, Jesus"]
[Result "1-0"]
[WhiteElo "2507"]
[BlackElo "1974"]
[Annotator "TA"]
[PlyCount "66"]
[EventDate "2018.08.02"]
[EventType "swiss"]
[EventCountry "FRA"]
[SourceTitle "playchess.com"]
[Source "ChessBase"]
[SourceQuality "1"]

{[%evp 19,66,26,33,0,62,74,108,106,87,80,84,81,88,83,99,98,97,111,112,94,118,30,122,109,144,62,170,119,164,122,181,174,201,120,115,122,218,240,250,264,261,234,223,109,247,227,422,386,676]} 1. e4 c5 2. Nf3 d6 3. Bb5+ Nc6 4. O-O Bd7 5. Re1 Nf6 6. c3 {[%cal Bc2c3,Bc3d4,Bd4d5][%mdl 32]} a6 {B51: Sicilian: Moscow Variation (3 Bb5+) without 3...Bd7} 7. Bc4 (7. Bf1 Bg4 8. h3 Bxf3 9. Qxf3 g6 10. Na3 Bg7 11. Nc2 Nd7 12. Qd1 O-O 13. b3 Rc8 14. d4 cxd4 15. cxd4 Qb6 16. Be3 Nb4 17. Nxb4 Qxb4 {0-1 (60) Fedoseev,V (2724)-Mamedov,R (2709) chess.com INT 2018}) 7... Bg4 8. d4 cxd4 9. cxd4 Bxf3 10. gxf3 e5 {LiveBook: 12 Games} 11. d5 Nb8 $146 (11... Nd4 $11) ({Predecessor:} 11... Nd4 12. Be3 Nh5 13. f4 Qh4 14. fxe5 dxe5 15. Bxd4 exd4 {½-½ (24) Balogh,C (2621)-Bobras,P (2524) Germany 2016}) 12. Qb3 $14 Qc7 13. Be3 Nbd7 14. Bf1 Be7 15. Na3 O-O 16. Rac1 $36 {[%mdl 2048] White is on the roll.} Qb8 17. Nc4 Bd8 18. Qb4 Bc7 19. a4 b6 20. Na3 (20. Qc3 $1 $16) 20... Ne8 (20... Nc5 $1 $11 {keeps the balance.}) 21. Rc6 $16 Nc5 22. Nc4 ({White should try} 22. Qc4 $16) 22... b5 {[#]} (22... Qd8 $14) 23. Nxe5 $1 {[%mdl 512]} Qd8 {Threatens to win with ...Ba5.} (23... dxe5 24. Bxc5) 24. Qa3 {aiming for Nd3.} b4 {[#]} (24... Nxa4 $16 25. Nd3 Ba5) 25. Qa2 $1 $18 Nxe4 {[#]} 26. fxe4 (26. Nxf7 $1 $18 Rxf7 27. fxe4) 26... dxe5 $16 27. Qc4 Bd6 (27... a5 $16 28. b3 Bd6) 28. Rxa6 $18 Rxa6 29. Qxa6 f5 30. exf5 e4 31. Qe2 (31. Qc4 $18) 31... Qh4 (31... Qf6 $16 {might work better.}) 32. h3 Nf6 $2 (32... Qf6 33. Bg2 Qxf5) 33. a5 g5 $2 {Precision: White = 55%, Black = 26%.} (33... Kh8 34. Rd1 Ng8) 1-0

[Event "22nd Wasselonne Open 2018"]
[Site "Wasselonne"]
[Date "2018.08.02"]
[Round "1"]
[White "Lerch, Patrice"]
[Black "Ruble, Louis"]
[Result "1-0"]
[WhiteElo "2388"]
[BlackElo "1956"]
[Annotator "TA"]
[PlyCount "79"]
[EventDate "2018.08.02"]
[EventType "swiss"]
[EventCountry "FRA"]
[SourceTitle "playchess.com"]
[Source "ChessBase"]
[SourceQuality "1"]

{[%evp 24,79,78,68,47,56,63,52,65,59,98,65,59,69,64,31,33,33,9,-41,50,-113,-113,-211,-138,-143,-116,-248,-231,-234,-245,-226,-198,-277,-244,-229,-182,-222,-106,-104,-90,-122,0,-155,-74,-60,85,77,54,97,577,543,29985,29986,29985,29986,29983,29982]} 1. e4 e6 2. Nf3 d5 3. e5 Bd7 4. a3 a5 5. d4 c5 6. c3 Nc6 7. Bd3 cxd4 8. cxd4 Qb6 9. O-O Nxd4 10. Nxd4 Qxd4 11. Nc3 {[%cal Bb1c3,Bc3b5,Bb5c7][%mdl 32]} Qxe5 12. Re1 Qd6 13. Nb5 {LiveBook: 8 Games. C02: French: Advance Variation} Qb6 $1 (13... Bxb5 14. Bxb5+ Kd8 15. Qd4 Ne7 16. Bf4 Nf5 17. Qa4 Qc5 18. Rac1 Qd4 19. Bc7+ Ke7 20. Be5 Qxa4 {1-0 (29) Farkas,G (2401)-Kostolansky,S (2219) Slovakia 2017}) 14. Be3 Qd8 $1 15. Rc1 {White is slightly better.} Rc8 16. Rxc8 Bxc8 $146 ({Predecessor:} 16... Qxc8 17. Qd2 a4 18. Rc1 Bc6 19. Na7 Qd7 20. Nxc6 bxc6 21. Rxc6 Qxc6 {1-0 (36) Salas Romero,S (2060)-Laureles,R (1601) LSS email 2008}) 17. Qc1 Be7 18. Nc7+ Kf8 19. Bb6 (19. Qc3 $5 {[%cal Re3b6]} Bd7 20. Qxa5 $14) 19... Qd6 $1 {[%cal Rd6b6]} 20. Bxa5 Bd7 21. Qe3 Nf6 (21... d4 $15 22. Qf3 Bc6) 22. Rc1 $2 (22. Qa7 $14 {was forced to keep a grip.} g6 23. Qxb7) 22... Ng4 $17 23. Qh3 (23. Qg3 $17 Qxg3 24. hxg3) 23... Qf4 $36 {[%mdl 2048] Black has strong initiative.} 24. Rc2 Bc5 25. Be1 {[#]} (25. Qh4 $17 {was called for.} Be7 26. Qg3 Qxg3 27. hxg3) 25... Bxf2+ $1 $19 {[%mdl 512]} 26. Bxf2 (26. Rxf2 Nxf2) 26... Nxf2 27. Rxf2 Qxc7 28. Rf1 (28. Qe3 $142) 28... e5 29. Bf5 Bxf5 30. Qxf5 {[%mdl 4096] Endgame KQR-KQR} f6 (30... h5 $19 {and Black stays clearly on top.} 31. Qe6 d4) 31. Qe6 $17 d4 32. b4 {[%cal Bb2b4,Bb4b5,Bb5b6][%mdl 32]} h5 {[#]} (32... Rg8 $17 {Strongly threatening ...Qe7.} 33. a4 Qe7) 33. a4 $2 {[#]} (33. Rxf6+ $1 $11 {[%mdl 512]} gxf6 34. Qxf6+ Ke8 35. Qxh8+ Ke7 36. Qh6) 33... Rh6 (33... Rg8 $142 $1 34. a5 Qe7 35. Qc8+ Kf7 36. Qc4+ Qe6 37. Qc7+ Kg6 38. Qxb7 e4) 34. a5 {[%cal Ba4a5,Ba5a6,Ba6a7][%mdl 32]} Qe7 (34... d3 $15 {stays ahead.} 35. Qf5 Qc3) 35. Qc8+ $16 {[%mdl 1024] White has strong compensation.} Kf7 36. b5 $1 {[%cal Rb5b6] Black must now prevent b6.} g5 $2 {[%mdl 8192]} (36... f5 $16) 37. b6 $18 {a6 is the strong threat.} Rh7 38. a6 {White mates.} Qe8 39. Qxe8+ Kxe8 40. a7 {Precision: White = 37%, Black = 32%.} 1-0

[Event "22nd Wasselonne Open 2018"]
[Site "Wasselonne"]
[Date "2018.08.02"]
[Round "1"]
[White "Brion, Marwan"]
[Black "Stets, Dmitry"]
[Result "0-1"]
[WhiteElo "1966"]
[BlackElo "2391"]
[Annotator "TA"]
[PlyCount "76"]
[EventDate "2018.08.02"]
[EventType "swiss"]
[EventCountry "FRA"]
[SourceTitle "playchess.com"]
[Source "ChessBase"]
[SourceQuality "1"]

{[%evp 15,76,-31,-7,-26,-3,-35,-31,-72,-64,-73,-54,-58,-47,-52,-35,-44,-13,-72,-54,-75,-45,-82,-88,-122,-117,-114,-104,-97,-95,-127,-125,-148,-157,-181,-173,-278,-275,-242,-162,-217,-93,-186,-138,-300,-127,-140,-132,-265,-226,-782,-764,-1420,-1420,-1393,-1257,-29990,-29991,-29996,-29997,-29997,-29998,-29998,-29999]} 1. e4 c5 2. Nc3 Nc6 3. f4 g6 4. Nf3 Bg7 5. g3 e6 6. Bg2 Nge7 7. O-O O-O 8. d3 b6 {LiveBook: 5 Games} 9. Nb5 {B24: Closed Sicilian: 3 g3 sidelines} (9. Kh1 Bb7 10. Qe1 a6 11. Nd1 Nd4 12. Ne3 Nxf3 13. Bxf3 Qc7 14. Bg2 f5 15. c3 Rad8 16. Nc4 fxe4 17. dxe4 {0-1 (47) Wang,C (2521)-Ni,H (2703) Danzhou 2015}) 9... d6 10. e5 dxe5 11. Nxe5 $146 {Black is slightly better.} ({Predecessor:} 11. fxe5 Ba6 12. a4 Nxe5 13. Nxe5 Bxe5 14. Bh6 Re8 15. Qf3 Nf5 16. Qxa8 Qxa8 17. Bxa8 Rxa8 {½-½ (98) Pelekh,O-Rymskyy,A (2084) Ilichevsk 2006}) 11... Bb7 12. Nc4 Rb8 13. Nbd6 Ba8 {Hoping for ...b5.} 14. a4 a6 15. Ne4 Nd5 16. Rb1 (16. c3 $11) 16... h6 17. Ne3 Ncb4 {...Bd4 is the strong threat.} 18. Qe2 Qd7 19. a5 f5 20. Nf2 b5 21. c3 Nc6 22. Nxd5 exd5 {[%cal Be6d5,Bd5d4][%mdl 32]} 23. Ra1 Rfe8 24. Qf3 Rbd8 25. Bd2 {[#]} (25. Qd1 {was worth a try.}) 25... d4 $1 $19 {[%cal Rd4c3]} 26. Qd1 Qf7 27. Qc2 (27. c4 $142) 27... c4 (27... dxc3 $19 {and Black stays clearly on top.} 28. bxc3 c4) 28. dxc4 (28. Rfe1 $17 {might work better.}) 28... Qxc4 29. b3 $2 {[#]} (29. Qc1 $17 {was called for.}) 29... Qf7 (29... Qc5 $1 $19 {has better winning chances.} 30. Rac1 (30. Nd3 $2 Nb4 $19) 30... Re2) 30. Rfe1 Rxe1+ 31. Bxe1 (31. Rxe1 $17 {was forced.} Bb7 32. b4) 31... b4 ({Not} 31... dxc3 32. Bxc3 Bxc3 33. Qxc3 $17) 32. cxd4 $2 (32. Rd1 bxc3 33. Bxc3) 32... Nxd4 33. Qa2 Bxg2 34. Kxg2 Qd5+ 35. Kh3 g5 {Black mates.} 36. Bxb4 g4+ 37. Nxg4 fxg4+ 38. Kxg4 Qf5+ {Precision: White = 18%, Black = 58%.} 0-1

[Event "22nd Wasselonne Open 2018"]
[Site "Wasselonne"]
[Date "2018.08.02"]
[Round "1"]
[White "Schmitt, Anatole"]
[Black "Kurayan, Ruslan"]
[Result "1/2-1/2"]
[WhiteElo "1944"]
[BlackElo "2386"]
[Annotator "TA"]
[PlyCount "95"]
[EventDate "2018.08.02"]
[EventType "swiss"]
[EventCountry "FRA"]
[SourceTitle "playchess.com"]
[Source "ChessBase"]
[SourceQuality "1"]

{[%evp 19,95,6,0,-9,0,-10,0,-10,23,0,12,-12,-8,-9,-13,-29,-6,-7,-2,-2,0,0,2,0,4,-20,-12,-29,-24,-45,-31,-47,-25,-26,-28,-28,-21,-36,-25,-35,-22,-50,-30,-43,-41,-62,-57,-64,-53,-58,-64,-45,-46,-52,-11,-27,0,0,0,0,0,0,-5,-27,-23,-21,-21,-27,-24,-26,-8,-13,0,0,0,0,0,0]} 1. e4 c5 2. c3 Nf6 3. e5 Nd5 4. d4 cxd4 5. Nf3 Nc6 6. cxd4 d6 7. Bc4 e6 8. O-O Be7 9. exd6 Qxd6 10. Nc3 O-O {LiveBook: 198 Games. B22: Sicilian: 2 c3} 11. Bd3 (11. Re1 Rd8 12. a3 a6 13. Be3 Nxe3 14. fxe3 b6 15. Rc1 Bb7 16. Ba2 Rac8 17. Ne4 Qd7 18. Nfg5 Bxg5 19. Nxg5 {½-½ (34) Jones,G (2640)-Svidler,P (2768) Wijk aan Zee 2018}) 11... Nf6 12. a3 Rd8 13. Be3 e5 $146 ({Predecessor:} 13... Ng4 14. h3 Nxe3 15. fxe3 Bd7 16. Ne4 Qd5 17. Qe2 Be8 18. Rad1 Rac8 19. b4 b6 20. Kh1 {0-1 (41) Burton,R (1993)-Marley,A (1905) Guernsey 2013}) 14. Nb5 Qb8 {[#] And now ...e4 would win.} 15. Qc2 a6 16. dxe5 Nxe5 17. Nbd4 Nxd3 18. Qxd3 Bg4 19. Qb3 Qd6 20. h3 Bd7 21. Rfd1 {aiming for Nf5!} Qd5 22. Rac1 Rac8 23. Qxd5 Nxd5 24. Ne5 Nxe3 25. fxe3 Bg5 26. Kf2 Be8 {[#] Threatens to win with ...Rxc1.} 27. Rxc8 Rxc8 28. Nef3 Bf6 29. Rd2 g6 30. e4 h6 31. e5 Bg7 32. e6 Rd8 33. b3 fxe6 34. Nxe6 Rxd2+ 35. Nxd2 $15 {[%mdl 4096] Endgame KBB-KNN} Bb2 36. Nc4 Bc1 {White should prevent ...Bf7.} 37. a4 b5 38. axb5 $1 Bxb5 39. Nd4 Bd7 40. Ne5 Be8 41. Ndc6 Bb2 42. Nc4 Bc3 43. N6e5 Kg7 44. Ke3 Kf6 45. Ng4+ {The position is equal.} Kg5 46. Nd6 Bc6 47. Ne4+ Bxe4 $1 48. Kxe4 {Precision: White = 53%, Black = 68%.} 1/2-1/2

[Event "22nd Wasselonne Open 2018"]
[Site "Wasselonne"]
[Date "2018.08.02"]
[Round "2"]
[White "Stets, Dmitry"]
[Black "Frantz, Nicolas"]
[Result "0-1"]
[WhiteElo "2391"]
[BlackElo "2080"]
[Annotator "TA"]
[PlyCount "86"]
[EventDate "2018.08.02"]
[EventType "swiss"]
[EventCountry "FRA"]
[SourceTitle "playchess.com"]
[Source "ChessBase"]
[SourceQuality "1"]

{[%evp 20,86,39,36,40,31,39,43,46,31,37,31,43,39,110,58,66,25,81,81,100,0,0,0,0,9,0,-31,-19,-30,0,-27,0,-85,-72,-73,-51,-106,-55,-94,-79,-104,10,18,18,12,27,-50,0,-22,0,-297,-229,-196,-256,-245,-218,-395,-372,-1089,-629,-627,-622,-845,-836,-770,-711,-1580,-1532]} 1. e4 c5 2. Nc3 Nc6 3. Nge2 d6 4. d4 cxd4 5. Nxd4 Nf6 6. Bg5 e6 7. Qd2 a6 8. O-O-O Bd7 9. f3 h6 10. Be3 h5 {B66: Sicilian: Richter-Rauzer: 7...a6 8 0-0-0 h6} (10... b5 11. Nxc6 Bxc6 12. Kb1 Qc7 13. Ne2 Bb7 14. Nd4 e5 15. Nb3 d5 16. exd5 Nxd5 17. Bd3 Bb4 18. c3 Be7 19. Rhe1 Rd8 20. Qf2 Nxe3 21. Qxe3 {½-½ (51) Vachier Lagrave,M (2788)-Salgado Lopez,I (2618) Drancy 2016}) 11. Kb1 {LiveBook: 18 Games} b5 12. Bd3 Qc7 {White is slightly better.} 13. Rhe1 $146 ({Predecessor:} 13. Bxb5 axb5 14. Ndxb5 Qb8 15. Nxd6+ Bxd6 16. Qxd6 Qxd6 17. Rxd6 Ne5 18. b3 {1-0 (73) Klein,F (2284)-Balster,S (2259) Germany 2013}) 13... Be7 14. h3 h4 15. f4 {[%cal Bf3f4,Bf4f5][%mdl 32]} b4 16. Nce2 d5 (16... Rd8 $14) 17. exd5 (17. e5 $16 Ne4 18. Bxe4 dxe4 19. Nb3) 17... Nxd5 $14 18. f5 Nxe3 (18... e5 $1 $11) 19. Qxe3 $16 {[%cal Rf5e6]} e5 20. Nxc6 (20. Nf3 $1 $16) 20... Bxc6 $11 21. Be4 Bxe4 22. Qxe4 O-O 23. Ng1 Bf6 24. Nf3 Rac8 25. Rd2 Rfd8 26. Red1 (26. Qxb4 $11 {keeps the balance.} Rxd2 27. Qxd2) 26... Rxd2 $17 27. Rxd2 Qc5 28. b3 (28. Rd1 $15) 28... Qc3 (28... a5 $1 $17) 29. Rd7 a5 30. Nd2 {[#]} a4 (30... Qc5 $1 $17 {[%cal Rc5g1] Threatens to win with ...Qg1+.} 31. Qc4 Qg1+ 32. Qf1 Qxf1+ 33. Nxf1 e4) 31. bxa4 $11 Bg5 32. Qd3 Qc5 33. Qb3 (33. Ne4 $11 Qg1+ 34. Qd1 Qxg2 35. Nxg5 Qxg5 {[#]} 36. Rxf7 $1 {[%mdl 512]}) 33... Kh8 {[%mdl 1024] Strongly threatening ...Qg1+. Black has compensation.} 34. Qd3 {Black must now prevent Ne4.} Qg1+ 35. Nf1 $2 {[%mdl 8192]} (35. Qf1 $1 $11 Qe3 36. Qd1) 35... e4 36. Qe2 Kg8 37. Rd1 Qa7 38. Qxe4 $2 (38. Nd2 {is the only way for White.} e3 39. Nf3) 38... Qxa4 $19 39. Rd4 $2 (39. Nh2 Qa7 40. Nf3) 39... Ra8 {[%csl Ga8][%cal Ra4a2] Black is clearly winning.} 40. Qd5 Bf6 41. Rd3 {[#] If only White now had time for Ne3....} b3 $1 {[%mdl 512]} 42. Qxb3 (42. axb3 Qa1#) 42... Qf4 43. Rf3 Qe5 {Precision: White = 15%, Black = 52%.} 0-1

[Event "22nd Wasselonne Open 2018"]
[Site "Wasselonne"]
[Date "2018.08.02"]
[Round "2"]
[White "Dobschat, Benjamin"]
[Black "Bellahcene, Bilel"]
[Result "0-1"]
[WhiteElo "2081"]
[BlackElo "2507"]
[Annotator "TA"]
[PlyCount "114"]
[EventDate "2018.08.02"]
[EventType "swiss"]
[EventCountry "FRA"]
[SourceTitle "playchess.com"]
[Source "ChessBase"]
[SourceQuality "1"]

{[%evp 20,114,0,-36,-20,-20,-21,-20,-12,-22,-26,-35,-28,-56,-49,-52,-29,-54,-55,-57,-51,-60,-60,-64,-50,-59,-23,-57,-27,-65,-61,-60,-62,-107,-43,-57,-51,-53,-43,-43,-43,-41,-41,-43,-24,-30,-29,-50,-50,-50,-37,-51,-40,-92,-92,-126,-126,-126,-126,-203,-203,-197,-138,-275,-229,-214,-99,-99,-99,-2323,-3647,-7568,-7405,-5739,-5363,-5764,-4734,-1695,-211,-29968,-29968,-29971,-29972,-29972,-29973,-29973,-29974,-29974,-29973,-29978,-29979,-29980,-29979,-29982,-29982,-29984,-29980]} 1. e4 c5 2. Nf3 d6 3. d4 cxd4 4. Nxd4 Nf6 5. Nc3 a6 6. Be2 e5 7. Nb3 Be7 8. O-O O-O 9. Be3 Be6 10. f3 Nbd7 11. Qd2 {LiveBook: 7 Partien. B92: Sizilianisch (Najdorf-Variante mit 6.Le2)} (11. a4 Rc8 12. Rf2 Nb6 13. a5 Nc4 14. Bxc4 Rxc4 15. Rd2 Qc7 16. Na4 Nd7 17. Nb6 Nxb6 18. axb6 Qb8 19. Na5 {1-0 (33) Tukhaev,A (2516)-Kenneskog,T (2334) Sweden 2017}) 11... Nb6 12. Rfd1 d5 13. exd5 {Die Stellung ist ausgeglichen.} Nbxd5 14. Nxd5 Nxd5 15. Bf2 Qc7 16. c3 Rad8 17. Qe1 Nf4 (17... b5 {keeps more tension.} 18. Bf1 Rfe8 19. g3 Nb6 20. Qe3 Na4) 18. Rxd8 $146 Nxe2+ 19. Qxe2 Rxd8 20. Rd1 Rxd1+ 21. Qxd1 f6 22. Qd2 g5 23. Nc1 h5 24. h3 Kg7 25. b3 b5 26. Ne2 Qc6 (26... h4 $17 27. Be3 Qc6) 27. Ng3 Kg6 28. Qe3 Bc8 29. Qe4+ Qxe4 30. Nxe4 $15 {[%mdl 4096] Endspiel KLL-KLS} f5 31. Nc5 g4 32. hxg4 hxg4 33. Nd3 Bd6 34. Kf1 Bc7 35. Ke2 f4 36. Nc5 ({Besser ist} 36. Ba7 $15) 36... g3 $17 37. Bg1 {[#]} Bb6 $1 38. Kd2 Bf5 39. a4 (39. Kd1 $17) 39... bxa4 $19 40. bxa4 Bb1 41. a5 (41. Ke2 $17) 41... Bxa5 42. Nxa6 Kf5 (42... e4 $19 {ist viel giftiger. Droht ...e3+ und aus.} 43. Bd4 exf3 44. gxf3 Bf5) 43. Nb4 $17 e4 {Und weiter mit ...e3+ wäre nett.} 44. Nc6 $2 {[%mdl 8192]} (44. Bc5 $17) 44... e3+ $19 45. Bxe3 fxe3+ 46. Kxe3 Bxc3 47. Ne7+ Ke6 48. Nc6 Bf5 $2 (48... Bg6 49. f4 Be8) 49. Kf4 $2 {[#]} (49. Nd4+ $19 Bxd4+ 50. Kxd4) 49... Bd3 {Schwarz setzt Matt.} 50. Kxg3 Bb5 51. Nd8+ Ke7 52. Nb7 Bb4 53. Kf4 Bc6 54. g4 Bxb7 55. g5 Kf7 56. Kg4 Kg6 57. f4 Bc8+ {Precision: Weiß = 34%, Schwarz = 60%.} 0-1

[Event "22nd Wasselonne Open 2018"]
[Site "Wasselonne"]
[Date "2018.08.02"]
[Round "2"]
[White "Zienkiewicz, Alexandre"]
[Black "Lerch, Patrice"]
[Result "0-1"]
[WhiteElo "2073"]
[BlackElo "2388"]
[Annotator "TA"]
[PlyCount "66"]
[EventDate "2018.08.02"]
[EventType "swiss"]
[EventCountry "FRA"]
[SourceTitle "playchess.com"]
[Source "ChessBase"]
[SourceQuality "1"]

{[%evp 9,66,-1,22,-7,0,-34,-35,-41,-33,-36,-30,-35,-26,-42,-31,-25,-11,-37,-24,-35,-22,-44,-35,-66,-43,-69,-72,-85,-74,-80,-57,-58,-12,-25,-12,-21,-13,-8,30,19,27,0,0,0,58,-39,0,-46,21,0,16,-178,-156,-470,-480,-559,-177,-1510,-1512]} 1. b3 g6 2. Bb2 Nf6 3. g3 Bg7 4. Bg2 O-O 5. e3 (5. Nf3 d6 6. O-O e5 7. c4 Re8 8. Nc3 e4 9. Nd4 c6 10. e3 Na6 11. d3 exd3 12. Qxd3 Nc5 13. Qc2 a5 14. a3 h5 15. h3 Bd7 16. b4 {1-0 (31) Karjakin,S (2782)-Mamedyarov,S (2808) Stavanger 2018}) 5... a5 $146 ({Predecessor:} 5... d5 6. d3 c5 7. Nd2 Nc6 8. Ne2 e5 9. h3 Be6 10. a3 Qd7 11. Nf3 Qd6 {1-0 (42) Blatny,P (2397)-Kutynec,V (2310) Pardubice 2015}) 6. a3 {A01: Nimzowitsch-Larsen Opening} d5 7. Ne2 Nc6 8. d3 {Black is slightly better.} e5 9. h3 Be6 10. O-O Qd7 11. Kh2 Rad8 12. Nd2 Rfe8 13. Nf3 (13. b4 $5) 13... Qd6 14. Qc1 Bf5 15. Bc3 Nd7 16. Qb2 Nb6 {Strongly threatening ...d4.} 17. d4 e4 18. Nd2 g5 19. Qc1 a4 20. bxa4 Ra8 21. a5 Nxa5 22. Bxa5 Rxa5 23. c4 Qe7 24. cxd5 Nxd5 25. Nc3 (25. g4 $5 {[%cal Rg4f5]} Bg6 26. Ng3 $11) 25... Nxc3 26. Qxc3 Ra6 ({Black should play} 26... Rd5 $11) 27. Qc2 (27. Rfc1 $14) 27... Rh6 (27... c5 $5 28. Nb3 Rh6 29. Qxc5 Qe6 $15) 28. Rh1 {[#]} Bf8 (28... c5 $1 $15 {[%mdl 512]} 29. Nb3 (29. Qxc5 Qxc5) 29... Rc8) 29. Rac1 c6 30. g4 $2 (30. Rb1 $11 {and White is okay.}) 30... Bxg4 $1 $19 31. Nxe4 $2 (31. Kg1 $17 {is a better chance.} Bf5 32. a4) 31... Bf5 32. f3 Bc8 $2 {[#]} (32... g4 33. fxg4 Bxe4 34. Bxe4 Qxe4 35. Qxe4 Rxe4) 33. Qc5 $2 (33. Rhf1) 33... Qc7+ {Precision: White = 29%, Black = 28%.} 0-1

[Event "22nd Wasselonne Open 2018"]
[Site "Wasselonne"]
[Date "2018.08.02"]
[Round "2"]
[White "Fischer, Daniel"]
[Black "Stephan, Victor"]
[Result "0-1"]
[WhiteElo "2037"]
[BlackElo "2361"]
[Annotator "TA"]
[PlyCount "72"]
[EventDate "2018.08.02"]
[EventType "swiss"]
[EventCountry "FRA"]
[SourceTitle "playchess.com"]
[Source "ChessBase"]
[SourceQuality "1"]

{[%evp 11,72,0,0,0,4,11,8,3,28,36,55,58,52,43,56,29,64,60,59,61,68,61,81,20,22,27,64,24,77,54,202,216,744,722,697,556,705,677,658,479,595,607,624,455,367,0,0,0,0,-889,-882,-808,-587,-546,-558,-515,-13,-11,0,0,0,-29997,-29998]} 1. Nf3 d5 2. c4 d4 3. b4 f6 4. Na3 (4. d3 e5 5. a3 a5 6. b5 Ne7 7. e3 dxe3 8. fxe3 Nf5 9. g4 Nd6 10. Rg1 Be6 11. Qc2 Nd7 12. d4 {½-½ (33) Ding,L (2777)-Giri,A (2772) Wenzhou 2017}) 4... e5 5. Nc2 a5 6. b5 {A09: Reti-Eröffnung} c5 {LiveBook: 3 Partien} 7. d3 Bd6 8. g3 {Die Stellung ist ausgeglichen.} Bg4 $146 ({Vorgänger:} 8... Ne7 9. Bg2 Be6 10. Nd2 Ra7 11. b6 Qxb6 {0-1 (43) Fidalgo,A (2248)-Reis,L (2156) Lisbon 2017}) 9. Bg2 Qc8 10. h3 Be6 11. e3 {[%cal Re3d4]} Ne7 12. exd4 cxd4 13. Nd2 f5 14. O-O Nd7 15. f4 O-O 16. fxe5 Nxe5 17. Nf3 (17. Nxd4 $6 Nxd3 18. Qc2 Nxc1 $11) ({Besser ist} 17. Nb3 $16) 17... Nxd3 18. Qxd3 Bxc4 19. Qd1 Bxf1 (19... Bxg3 $11 {bleibt in der Remisbreite.} 20. Ba3 (20. Ncxd4 Nd5 $11) (20. Nfxd4 Bxf1 21. Qxf1 Rd8 $14) 20... Bxf1) 20. Bxf1 $16 Qc7 (20... Nd5 $14) 21. Ncxd4 $18 {Schwarz muss nun Db3+ beachten.} ({Nicht} 21. Qxd4 $2 Bc5 $19) 21... Rfd8 $2 (21... Qc3) 22. Qb3+ Kh8 23. Ng5 h6 24. Nf7+ Kh7 {[#] zielt auf ...Lc5 ab.} 25. Nxd8 Rxd8 26. Ne6 Bc5+ 27. Nxc5 Qxc5+ 28. Be3 $2 (28. Qe3 $18 Qd6 29. Qf2) 28... Qe5 $1 $11 {[%csl LRa1,LRg3]} 29. Rc1 {Und weiter mit Lf2 wäre nett.} a4 30. Qa3 $2 {[%mdl 8192]} (30. Qc3 $11 Qxg3+ 31. Bg2) 30... Qxg3+ $19 31. Bg2 Ng6 {Droht ...Sh4 und aus.} 32. Bc5 Rd3 33. Qb2 Nf4 $2 (33... Qg5 $19 34. Bb4 Nh4) 34. Rf1 $1 $11 Nxh3+ 35. Kh1 Qh4 36. Qb4 $2 {[%mdl 8192] [#]} ({Nur nicht} 36. Bxb7 $2 Nf2+ 37. Kg1 Rg3+ 38. Kxf2 Qh2+ 39. Ke1 Qxb2 $19) (36. Qe5 $11 Rg3 37. Qxf5+ Kh8 38. Qf8+ Kh7 39. Qf5+ Kh8 40. Qf8+ Kh7 41. Qf5+) 36... Nf4+ $1 {Precision: Weiß = 53%, Schwarz = 36%.} 0-1

[Event "22nd Wasselonne Open 2018"]
[Site "Wasselonne"]
[Date "2018.08.03"]
[Round "3"]
[White "Bellahcene, Bilel"]
[Black "Cofman, Veaceslav"]
[Result "1-0"]
[WhiteElo "2507"]
[BlackElo "2198"]
[Annotator "ChessBase"]
[PlyCount "67"]
[EventDate "2018.08.02"]
[EventType "swiss"]
[EventCountry "FRA"]
[SourceTitle "playchess.com"]
[Source "ChessBase"]
[SourceQuality "1"]
[TimeControl "5400+30"]

1. d4 {[%emt 0:03:18]} Nf6 {[%emt 0:00:00]} 2. c4 {[%emt 0:00:03]} c5 {[%emt 0:00:00]} 3. Nf3 {[%emt 0:00:23]} e6 {[%emt 0:00:19]} 4. Nc3 {[%emt 0:00:46]} cxd4 {[%emt 0:01:25]} 5. Nxd4 {[%emt 0:00:04]} a6 {[%emt 0:00:06]} 6. e4 {[%emt 0:00:19]} d6 {[%emt 0:00:06]} 7. Be2 {[%emt 0:00:26]} Be7 {[%emt 0:00:15]} 8. f4 {[%emt 0:00:10]} Nc6 {[%emt 0:00:31]} 9. Be3 {[%emt 0:00:17]} O-O {[%emt 0:00:26]} 10. O-O {[%emt 0:00:14]} Bd7 {[%emt 0:00:59]} 11. Nb3 {[%emt 0:13:04]} b6 {[%emt 0:02:15]} 12. Bf3 {[%emt 0:02:35]} Rb8 {[%emt 0:00:31]} 13. g4 {[%emt 0:00:16]} Be8 {[%emt 0:00:33]} 14. e5 {[%emt 0:03:02]} dxe5 {[%emt 0:04:12]} 15. g5 {[%emt 0:00:15]} exf4 {[%emt 0:01:40]} 16. Bxf4 {[%emt 0:00:57]} Rc8 {[%emt 0:00:06]} 17. Qxd8 {[%emt 0:03:06]} Bxd8 {[%emt 0:00:31]} 18. gxf6 {[%emt 0:00:03]} Bxf6 {[%emt 0:00:14]} 19. Bd6 {[%emt 0:05:57]} Be7 {[%emt 0:00:17]} 20. Ne4 {[%emt 0:00:15]} f5 {[%emt 0:02:22]} 21. Bxe7 {[%emt 0:00:03]} Nxe7 {[%emt 0:00:06]} 22. Nd6 {[%emt 0:00:08]} Rc7 {[%emt 0:00:04]} 23. c5 {[%emt 0:01:15]} bxc5 {[%emt 0:00:20]} 24. Rac1 {[%emt 0:00:02]} Rd7 {[%emt 0:02:04]} 25. Rfd1 {[%emt 0:01:36]} Ra7 {[%emt 0:01:17]} 26. Nxc5 {[%emt 0:00:34]} e5 {[%emt 0:00:29]} 27. Be2 {[%emt 0:05:06]} Bg6 {[%emt 0:00:35]} 28. Bxa6 {[%emt 0:01:17]} e4 {[%emt 0:00:08]} 29. Bc4+ {[%emt 0:01:28]} Kh8 {[%emt 0:00:06]} 30. Ne6 {[%emt 0:00:01]} Rb8 {[%emt 0:00:17]} 31. Nf4 Nc6 {[%emt 0:00:50]} 32. Be2 {[%emt 0:01:20]} Ne5 {[%emt 0:00:17]} 33. Rc8+ {[%emt 0:00:15]} Rxc8 {[%emt 0:00:08]} 34. Nxc8 {[%emt 0:00:01]} 1-0